000 00610nam a2200193 i 4500
001 66148
003 ES-MaACL
005 20230906165544.0
007 t|
008 040128s1945 fr ||||1| fre d
100 1 _aGadoffre, Gilbert.
_953197
245 1 0 _aVers le style du XXe siècle /
_cEquipe d'Uriage sous la direction de Gilbert Gadoffre.
260 _aParis :
_bEditions du Seuil,
_c[1945] (
_eCurial :
_fArchereau)
300 _a267 p. ;
_c19 cm.
490 1 _aLes collections esprit
830 0 _aLes collections esprit
_9230789
852 _aES-MaACL
_jC-4421
_bR.24214
999 _c66148
_d66148